|
|
|
|
| LEADER |
00000nab a2200000 a 4500 |
| 001 |
vtls000445192 |
| 003 |
SK-MaSNL |
| 005 |
20260318121610.0 |
| 008 |
230217c1991 xo 0 eng |
| 015 |
|
|
|a SNBRB19rr/mm-uuuuu
|
| 035 |
|
|
|a CL0445322
|
| 035 |
|
|
|a urn:nbn:sk:snk-ab78ea
|
| 035 |
|
|
|a (uuid)b2278c0d-c828-4a77-b23b-01c6dbe3a4ea
|
| 035 |
|
|
|a (urnnbn)urn:nbn:sk:snk:ar-a076r3
|
| 035 |
|
|
|a (sysno)vtls000445192
|
| 040 |
|
|
|a SNKBUCL
|b slo
|c SNKBUCL
|e AACR2
|
| 041 |
0 |
|
|a eng
|
| 044 |
|
|
|a xo
|c SK
|
| 080 |
|
|
|a 552.3
|2 1981
|
| 245 |
0 |
0 |
|a Regional Variations in Composition of the Neogene-Quaternary Alkaline Basalts in Central Europe
|c V. A. Kononova ... [et al.]
|
| 300 |
|
|
|b Obr. 1. Tb. 3. Grafy 2. Mp. 2., lit. 10 zázn. v angl., poľ.
|
| 650 |
0 |
7 |
|a alkalické bazalty
|2 snkbucl
|9 1288437
|
| 651 |
|
7 |
|a Európa stredná
|2 snkbucl
|9 23970
|
| 655 |
|
7 |
|a články z novín a časopisov
|2 snkbucl
|9 267496
|
| 700 |
1 |
|
|a Kononova, V. A.
|4 aut
|9 1582240
|
| 700 |
1 |
|
|a Dziedzič, K.
|4 aut
|9 1582241
|
| 700 |
1 |
|
|a Konečný, Vlastimil,
|d 1935-
|4 aut
|9 99988
|
| 700 |
1 |
|
|a Peltz, S.
|4 aut
|9 1582242
|
| 700 |
1 |
|
|a Andrejeva, E. D.
|4 aut
|9 1582243
|
| 773 |
0 |
|
|t Geologica carpathica
|g Roč. 42, č. 5 (1991), s. 251-258
|
| 850 |
|
|
|a Slovenská národná knižnica v Martine
|a MTA001
|
| 852 |
|
|
|a SNK
|b KIS3GCP
|
| 958 |
|
|
|a RK
|
| 958 |
|
|
|a NB
|
| 958 |
|
|
|a OND
|
| 958 |
|
|
|a EUIPO
|
| 958 |
|
|
|a article27
|
| 992 |
|
|
|a RBX
|
| 999 |
|
|
|c 3235713
|d 3237643
|